000 00500nam a2200181Ia 4500
008 240925s9999 xx 000 0 und d
020 _a9780230421943
082 _a808.0422 ZEN
100 _aZemach, Dorothy E.; Broudy, Daniel; Valvona Chris
245 0 _aWriting Research Papers
250 _a1st
260 _aCalifornia:
_bMacmillan
_c,2011.
300 _a238p.
_bNA
_fOriginal
500 _aIncludes Index
600 _aHumanities & Natural Science
650 _aLiterature
942 _cBK
999 _c14934
_d14934